drapeaux en G - Statistiques

Statistiques générales
  • Ce quiz a été pris 84 fois
  • Le résultat moyen est 9 sur 11
Statistiques - réponses
Par images Réponse % Correct
Grece
100%
Georgie
99%
Gabon
95%
Ghana
93%
Guinée
93%
Guatemala
92%
Guinée bissau
83%
Guinée équatoriale
80%
Gambie
75%
Grenade
66%
Guyana
63%
Aucun quiz correspondant
Distribution des résultats
% des personnes avec chaque résultat
Percentile par nombre de réponses
Votre historique - résultats
Vous n’avez pas pris ce quiz